[Event "Mästar Elit"]
[Site "Kungsör"]
[Date "2009.06.28"]
[Round "1"]
[White "Bryntze, Stefan"]
[Black "Ask, Josef"]
[Result "0-1"]
[WhiteElo "2010"]
[BlackElo "2191"]
[Annotator ""]

1.f4 e5 2.fxe5 d6 3.Nf3 dxe5 4.e4 Nd7 5.Bc4 Bc5 6.b4 Bxb4 7.O-O
Ngf6 8.Bb2 Qe7 9.d4 O-O 10.Kh1 Nxe4 11.dxe5 Nb6 12.Bb3 Be6 13.Nd4
c5 14.Qd3 Qh4 15.Nxe6 fxe6 16.Bxe6+ Kh8 17.Nc3 Bxc3 18.Bxc3 Nf2+
19.Rxf2 Qxf2 20.h3 Rad8 21.Qe4 Rfe8 22.Bf5 Na4 23.Be1 Qf1+ 24.Kh2
Rd4 25.Bg3 Qxa1 26.Qxb7 Rd1 27.Bf4 Rh1+ 28.Kg3 Qe1+ 29.Kg4 Rf1
30.g3 Qd1+ 31.Kh4 Qd8+ 32.Kh5 Rxf4 33.gxf4 g6+ 34.Bxg6 hxg6+
35.Kxg6 Qb6+ 0-1

[Event "Mästar Elit"]
[Site "Kungsör"]
[Date "2009.06.28"]
[Round "1"]
[White "Collett, Peter"]
[Black "Laksman, Efraim"]
[Result "0-1"]
[WhiteElo "2195"]
[BlackElo "2165"]
[Annotator ""]

1.d4 Nf6 2.c4 g6 3.Nc3 Bg7 4.e4 O-O 5.Bg5 d6 6.f3 c5 7.d5 e6
8.Qd2 exd5 9.cxd5 Bd7 10.a4 Na6 11.Nge2 Nb4 12.Ng3 h6 13.Be3
h5 14.Bc4 a6 15.O-O h4 16.Nh1 Nh5 17.Nf2 f5 18.Bg5 Bf6 19.Bxf6
Qxf6 20.Rae1 Rae8 21.exf5 gxf5 22.Rxe8 Rxe8 23.Re1 Rxe1+ 24.Qxe1
Nf4 25.g3 Qg5 26.Nfd1 Nc2 27.Qf1 hxg3 28.hxg3 Qxg3+ 29.Kh1 Qh4+
30.Kg1 Ne1 0-1

[Event "Mästar Elit"]
[Site "Kungsör"]
[Date "2009.06.28"]
[Round "1"]
[White "Eriksson, Anders"]
[Black "Frisk-Kockum, Anton"]
[Result "1-0"]
[WhiteElo "2346"]
[BlackElo "2255"]
[Annotator ""]

1.Nf3 d5 2.g3 Bg4 3.Bg2 Nd7 4.c4 e6 5.Qb3 Nc5 6.Qe3 c6 7.cxd5
cxd5 8.d4 Nd7 9.Qb3 Qb6 10.Qxb6 axb6 11.Nc3 Bb4 12.Bd2 Bxc3 13.Bxc3
Ne7 14.Nd2 f5 15.Nb1 Nc6 16.Na3 Nf6 17.f3 Bh5 18.Nb5 Kd7 19.Kf2
Rhc8 20.Rhc1 Bg6 21.Bf1 Ne8 22.e3 Nc7 23.h3 Be8 24.g4 g5 25.Nxc7
Rxc7 26.gxf5 exf5 27.Bd3 Bg6 28.Rg1 g4 29.hxg4 fxg4 30.Bxg6 hxg6
31.Rxg4 Ne7 32.a3 Rh8 33.Rag1 b5 34.e4 Rh2+ 35.R1g2 Rxg2+ 36.Rxg2
Rc6 37.Ke3 Re6 38.Kd3 Rf6 39.Rg3 Nc6 40.Ke3 Ne7 41.Bb4 Nc6 42.exd5
Nd8 43.Rg4 Nf7 44.Bf8 Ke8 45.Bc5 Kd7 46.Re4 Ng5 47.Re7+ Kc8 48.f4
Nh3 49.d6 Nxf4 50.Rc7+ Kb8 51.Rg7 Ne6 52.d7 Kc7 53.d8Q+ 1-0

[Event "Mästar Elit"]
[Site "Kungsör"]
[Date "2009.06.28"]
[Round "1"]
[White "Landgren, Andreas"]
[Black "Lögdahl, Harald"]
[Result "1/2-1/2"]
[WhiteElo "2184"]
[BlackElo "2310"]
[Annotator ""]

1.d4 Nf6 2.c4 g6 3.Nc3 Bg7 4.e4 d6 5.Nf3 Bg4 6.Be2 O-O 7.Be3
Nfd7 8.Rc1 a6 9.h3 Bxf3 10.Bxf3 c5 11.d5 b5 12.b3 b4 13.Na4 Nb6
14.Nxb6 Qxb6 15.h4 Nd7 16.h5 a5 17.hxg6 hxg6 18.Bg4 Nf6 19.Qf3
Rfb8 20.Qh3 a4 21.Bh6 Nxg4 22.Bxg7 Kxg7 23.Qh7+ Kf6 24.Qh4+ Kg7
25.Qh7+ Kf6 26.Qh4+ Ke5 1/2-1/2

[Event "Mästar Elit"]
[Site "Kungsör"]
[Date "2009.06.28"]
[Round "1"]
[White "Nygren, David"]
[Black "Janse, Love"]
[Result "1-0"]
[WhiteElo "2144"]
[BlackElo "2142"]
[Annotator ""]

1.e4 g6 2.d4 d6 3.Nc3 c6 4.Be3 Bg7 5.Qd2 Nd7 6.f4 e5 7.fxe5 dxe5
8.Nf3 exd4 9.Bxd4 Ngf6 10.e5 Qe7 11.Bc4 c5 12.O-O cxd4 13.exf6
Nxf6 14.Rae1 Be6 15.Bb5+ Nd7 16.Nxd4 Qc5 17.Bxd7+ Kxd7 18.Rf4
Bh6 19.Ne4 Qb6 20.Nf6+ Kc7 21.Qc3+ Kd8 22.Rf2 Qd6 23.Ne4 1-0

[Event "Mästar Elit"]
[Site "Kungsör"]
[Date "2009.06.28"]
[Round "1"]
[White "Persson, Andreas"]
[Black "Azizi, Haroon"]
[Result "0-1"]
[WhiteElo "2123"]
[BlackElo "2162"]
[Annotator ""]

1.e4 Nf6 2.e5 Nd5 3.d4 d6 4.c4 Nb6 5.exd6 cxd6 6.Nc3 g6 7.Be3
Bg7 8.Rc1 Nc6 9.b3 O-O 10.Be2 e5 11.dxe5 dxe5 12.Qxd8 Rxd8 13.c5
Nd5 14.Nxd5 Rxd5 15.Bc4 Rd8 16.Bg5 Re8 17.Ne2 h6 18.Bd2 a5 19.Nc3
Be6 20.Nb5 Bxc4 21.Rxc4 Rad8 22.Ke2 Re7 23.Rhc1 Red7 24.R1c2
f5 25.Bc3 Bf8 26.a3 Rd1 27.Nd6 Bxd6 28.Kxd1 Bxc5+ 29.Ke1 Bxa3
30.Rd2 Rxd2 31.Kxd2 Kf7 32.g4 Ke6 33.gxf5+ gxf5 34.Rh4 Bf8 35.Kd3
b5 36.Rh3 e4+ 37.Kc2 b4 38.Bb2 Ne5 39.Bxe5 Kxe5 40.Kd2 Be7 41.Rg3
Bg5+ 42.Ke2 f4 43.Rg1 f3+ 44.Kd1 Bh4 45.Rf1 Kd4 46.Kc2 Bxf2 47.Rxf2
Ke3 48.Rd2 f2 0-1

[Event "Mästar Elit"]
[Site "Kungsör"]
[Date "2009.06.28"]
[Round "1"]
[White "Vas, Peter"]
[Black "Lind, Jan-Olov"]
[Result "1-0"]
[WhiteElo "2232"]
[BlackElo "2231"]
[Annotator ""]

1.e4 Nc6 2.Nf3 Nf6 3.Bc4 e5 4.d3 Be7 5.O-O O-O 6.Bb3 d6 7.c3
Kh8 8.Re1 Ng8 9.d4 Bg4 10.d5 Nb8 11.h3 Bc8 12.Bc2 g6 13.c4 f5
14.Nc3 f4 15.c5 g5 16.cxd6 cxd6 17.Nh2 Nf6 18.Ng4 Nxg4 19.hxg4
h5 20.gxh5 g4 21.g3 f3 22.Kh2 Rf7 23.Rh1 Rh7 24.Kg1 Na6 25.Be3
Qe8 26.h6 Bd7 27.Qd2 Qg6 28.Rc1 b6 29.a3 Nc5 30.b4 Nb7 31.Bd3
Nd8 32.Nb5 Nf7 33.Rc7 Rd8 34.Nxa7 Bg5 35.Nc6 Bxc6 36.dxc6 Bxe3
37.Qxe3 b5 38.Rb7 Ng5 39.Rxh7+ Kxh7 40.Qb6 Rf8 41.Qb7+ Kh8 42.c7
Qg8 43.Bxb5 Nh3+ 44.Rxh3 gxh3 45.Ba6 h2+ 46.Kh1 d5 47.c8Q Rxc8
48.Qxc8 Qxc8 49.Bxc8 dxe4 50.Kxh2 1-0

[Event "Mästar Elit"]
[Site "Kungsör"]
[Date "2009.06.29"]
[Round "2"]
[White "Ask, Josef"]
[Black "Landgren, Andreas"]
[Result "1/2-1/2"]
[WhiteElo "2191"]
[BlackElo "2184"]
[Annotator ""]

1.d4 d5 2.c4 e6 3.Nf3 c6 4.Nc3 dxc4 5.e3 b5 6.a4 Bb4 7.Bd2 a5
8.Rb1 Ba6 9.Ne5 Ra7 10.Nxc6 Nxc6 11.axb5 Bb7 12.bxc6 Bxc6 13.Bxc4
Qg5 14.Bf1 h5 15.f3 Nf6 16.Qc2 O-O 17.Kf2 h4 18.e4 Qh5 19.Be3
Rc7 20.Be2 Rfc8 21.Rhd1 a4 22.Bf4 Ra7 23.Qd3 Qa5 24.Na2 1/2-1/2

[Event "Mästar Elit"]
[Site "Kungsör"]
[Date "2009.06.29"]
[Round "2"]
[White "Azizi, Haroon"]
[Black "Bryntze, Stefan"]
[Result "0-1"]
[WhiteElo "2162"]
[BlackElo "2010"]
[Annotator ""]

1.Nf3 f5 2.d3 Nc6 3.e4 e5 4.Bg5 Nf6 5.Nc3 Bb4 6.a3 Bxc3+ 7.bxc3
h6 8.Bxf6 Qxf6 9.Be2 d6 10.O-O Bd7 11.Nd2 Ne7 12.Bf3 f4 13.Rb1
O-O-O 14.Bg4 h5 15.Bxd7+ Rxd7 16.f3 g5 17.h3 Rg8 18.Rf2 Ng6 19.Nf1
Nh8 20.Nh2 Nf7 21.c4 Nh6 22.c3 g4 23.fxg4 hxg4 24.hxg4 Qh4 25.g5
Qxg5 26.Qa4 Rdg7 27.Qxa7 Qh5 28.Qxb7+ Kd7 29.c5 Qh3 30.Qb5+ Ke6
31.Qc4+ Kf6 32.Qa2 Qe3 33.Kh1 Ng4 34.Rf3 Qxc5 35.d4 Qc6 36.dxe5+
dxe5 37.Nxg4+ Rxg4 38.Rbf1 0-1

[Event "Mästar Elit"]
[Site "Kungsör"]
[Date "2009.06.29"]
[Round "2"]
[White "Collett, Peter"]
[Black "Nygren, David"]
[Result "0-1"]
[WhiteElo "2195"]
[BlackElo "2144"]
[Annotator ""]

1.d4 Nf6 2.c4 e6 3.Nc3 Bb4 4.e3 b6 5.Nge2 Ne4 6.Qc2 Bb7 7.a3
Bxc3+ 8.Nxc3 f5 9.b4 O-O 10.Bb2 d6 11.d5 Nxc3 12.Qxc3 e5 13.Be2
Nd7 14.O-O Qe7 15.f4 Rae8 16.Bd3 g6 17.Rae1 Qh4 18.Bc2 Nf6 19.g3
Qh3 20.e4 Ng4 21.Qd2 fxe4 22.Bxe4 exf4 23.gxf4 Qh6 24.Bc1 Bc8
25.Bf3 Qh4 26.Re2 Bf5 27.Qe1 Qd8 28.Qg3 Nf6 29.Rfe1 Rxe2 30.Rxe2
Bd3 31.Re6 Bf5 32.Re1 Re8 33.Bb2 Re7 34.Bg2 Kf7 35.Rxe7+ Qxe7
36.Qc3 Nh5 37.Qd2 Qh4 38.Bc1 Nf6 39.Bb2 Nh5 40.Bc1 Qg4 41.Kh1
Nf6 42.Qe1 Bd3 43.h3 Qe2 44.Qc3 Be4 45.Bxe4 Nxe4 0-1

[Event "Mästar Elit"]
[Site "Kungsör"]
[Date "2009.06.29"]
[Round "2"]
[White "Frisk-Kockum, Anton"]
[Black "Vas, Peter"]
[Result "1-0"]
[WhiteElo "2255"]
[BlackElo "2232"]
[Annotator ""]

1.d4 d5 2.Nf3 Nf6 3.c4 dxc4 4.e3 e6 5.Bxc4 c5 6.O-O a6 7.Bb3
Nc6 8.Nc3 cxd4 9.exd4 Be7 10.Bg5 O-O 11.Re1 b5 12.a3 Na5 13.Ba2
Bb7 14.Ne5 Nc6 15.Nf3 Bc8 16.Bb3 Na5 17.Ba2 Bb7 18.Ne5 Nc6 19.Nxf7
Rxf7 20.Bxe6 Nxd4 21.Ba2 Kf8 22.Qb1 Qb6 23.Bxf7 Kxf7 24.Bxf6
Qxf6 25.Qxh7 Qg5 26.Ne4 Qg4 27.Ng3 Bf6 28.Rac1 Rc8 29.Rxc8 Bxc8
30.Qh8 Bd7 31.h3 Qg5 32.Qh5+ Qxh5 33.Nxh5 Bd8 34.Nf4 Bc6 35.Nd3
Bf6 36.Ne5+ Kf8 37.Nxc6 Nxc6 38.Re6 Ne7 39.b3 a5 40.Rb6 b4 41.axb4
axb4 42.Rxb4 Nd5 43.Rb7 Nc3 44.Kf1 Ke8 45.g3 Kd8 46.f4 Kc8 47.Rf7
Ne4 48.Kg2 Nc5 49.Rf8+ Kb7 50.b4 Na6 51.Kf3 Nxb4 52.Ke4 Kc6 53.g4
Kd6 54.g5 Ke7 55.Rb8 Bc3 56.f5 Na6 57.Rb7+ Kf8 58.Kd5 Bd2 59.Ra7
Nb8 60.Ra8 Bf4 61.Ke6 Kg8 62.g6 Kf8 63.h4 Kg8 64.h5 Kf8 65.f6
gxf6 66.Kxf6 Kg8 67.h6 Bc7 68.h7+ Kh8 69.Kf7 Be5 70.Rxb8+ Bxb8
71.g7+ 1-0

[Event "Mästar Elit"]
[Site "Kungsör"]
[Date "2009.06.29"]
[Round "2"]
[White "Janse, Love"]
[Black "Persson, Andreas"]
[Result "1/2-1/2"]
[WhiteElo "2142"]
[BlackElo "2123"]
[Annotator ""]

1.e4 d6 2.Nc3 Nf6 3.Bc4 c5 4.d3 g6 5.f4 Nc6 6.Nf3 Bg4 7.h3 Bxf3
8.Qxf3 Nd7 9.O-O Bg7 10.e5 O-O 11.e6 fxe6 12.Bxe6+ Kh8 13.Bb3
Rb8 14.Ne4 Nd4 15.Qf2 Bh6 16.Qh4 Nf5 17.Qe1 Qb6 18.Kh2 Nd4 19.Bd2
Nxb3 20.axb3 d5 21.Nf2 Qd6 22.g3 e5 23.Ng4 Bg7 24.Rxa7 h5 25.Nxe5
Nxe5 26.fxe5 Bxe5 27.Rxb7 Rxb7 28.Rxf8+ Qxf8 29.Qxe5+ Kh7 30.Qxd5
Re7 31.Bf4 Re2+ 32.Kg1 Rxc2 33.Qd7+ Kg8 34.d4 cxd4 35.Qxd4 Qa8
36.Bd2 Qc8 37.Qd5+ Kg7 38.Bc3+ Kh6 39.Bd2+ Kg7 40.Bc3+ 1/2-1/2

[Event "Mästar Elit"]
[Site "Kungsör"]
[Date "2009.06.29"]
[Round "2"]
[White "Laksman, Efraim"]
[Black "Lind, Jan-Olov"]
[Result "0-1"]
[WhiteElo "2165"]
[BlackElo "2231"]
[Annotator ""]

1.d4 Nf6 2.c4 g6 3.Nc3 Bg7 4.e4 d6 5.Be2 O-O 6.Nf3 e5 7.O-O Nbd7
8.Be3 h6 9.Ne1 Kh7 10.d5 Nc5 11.Qc2 a5 12.a3 Bd7 13.f3 a4 14.Bxc5
dxc5 15.Nd3 Qe7 16.b4 axb3 17.Qxb3 b6 18.a4 Ra5 19.Nb5 Rc8 20.Rfb1
Ne8 21.Nc1 Rca8 22.Ra2 h5 23.Bd1 Bh6 24.Nc3 Be3+ 25.Kh1 Nd6 26.N1e2
Qh4 27.g3 Qf6 28.Kg2 h4 29.Ng1 Qg5 30.Ra3 Bxg1 0-1

[Event "Mästar Elit"]
[Site "Kungsör"]
[Date "2009.06.29"]
[Round "2"]
[White "Lögdahl, Harald"]
[Black "Eriksson, Anders"]
[Result "0-1"]
[WhiteElo "2310"]
[BlackElo "2346"]
[Annotator ""]

1.e4 c6 2.d4 d5 3.exd5 cxd5 4.Bd3 Nc6 5.c3 Nf6 6.h3 e5 7.dxe5
Nxe5 8.Qe2 Qe7 9.Be3 Nxd3+ 10.Qxd3 Bd7 11.Nd2 a6 12.Ngf3 g6 13.Nd4
Bg7 14.O-O O-O 15.Bg5 Rfe8 16.Qf3 Qe5 17.Bf4 Qe7 18.Qd3 Nh5 19.Bh2
f5 20.N4f3 Qc5 21.Nb3 Qb5 22.Qxb5 Bxb5 23.Rfe1 f4 24.g4 fxg3
25.fxg3 Nf6 26.Nbd4 Bd7 27.Kg2 Ne4 28.g4 h5 29.gxh5 gxh5 30.h4
Bf6 31.Bf4 Rac8 32.Bg5 Nxg5 33.hxg5 Bg7 34.Nh4 Bxd4 35.cxd4 Rc2+
36.Kg3 Rce2 37.Rxe2 Rxe2 38.Rc1 Re4 39.Nf3 Bg4 40.Ne5 Rxd4 41.Rc7
Re4 42.Nf7 Re3+ 43.Kg2 Kg7 44.Ne5+ Kf8 45.Ng6+ Ke8 46.Nf4 Re7
47.Rxe7+ Kxe7 48.Nxd5+ Ke6 49.Ne3 Ke5 50.Kg3 Be6 51.b3 b5 52.Kh4
Kd4 53.Ng2 Bf7 54.b4 Kc3 55.a3 Kb3 56.Nf4 Kxa3 57.Nd3 Kb3 58.Ne5
Be8 59.Nd3 Kc4 60.Nc5 Kxb4 61.Nxa6+ Kc4 62.Nc7 Bf7 63.Na8 Kc5
64.Nc7 b4 65.Na6+ Kc4 66.Nb8 Be8 0-1

[Event "Mästar Elit"]
[Site "Kungsör"]
[Date "2009.06.30"]
[Round "3"]
[White "Bryntze, Stefan"]
[Black "Janse, Love"]
[Result "1-0"]
[WhiteElo "2010"]
[BlackElo "2142"]
[Annotator ""]

1.f4 g6 2.Nf3 Bg7 3.Nc3 d6 4.e4 f5 5.e5 Nc6 6.d4 e6 7.Be3 Nge7
8.Bf2 dxe5 9.fxe5 Nb4 10.Qd2 b6 11.Ne2 a5 12.c4 h6 13.h4 Bb7
14.a3 Na6 15.Nf4 Kf7 16.d5 exd5 17.cxd5 Bxd5 18.Rd1 Bxf3 19.Bc4+
Ke8 20.Qxd8+ Rxd8 21.Rxd8+ Kxd8 22.gxf3 Bxe5 23.Nd3 Bxb2 24.Nxb2
Nb8 25.Kd2 Nd7 26.Bd4 Rh7 27.Nd3 Nc6 28.Bc3 Re7 29.Rg1 g5 30.hxg5
hxg5 31.Rxg5 Nde5 32.Bd5 Rd7 33.Rg8+ Ke7 34.Rg7+ Kd6 35.Bxc6
Nxc6 36.Rxd7+ Kxd7 37.Ne5+ Kd6 38.Nxc6 Kxc6 39.Ke3 Kb5 40.Kf4
Ka4 41.Kxf5 Kxa3 42.Ke4 a4 43.f4 b5 44.f5 c5 45.f6 b4 46.Be5
b3 47.f7 b2 48.Bxb2+ Kxb2 49.f8Q a3 50.Qb8+ Kc2 51.Qa7 Kb2 52.Qb6+
Ka1 53.Kd3 c4+ 54.Ke4 1-0

[Event "Mästar Elit"]
[Site "Kungsör"]
[Date "2009.06.30"]
[Round "3"]
[White "Eriksson, Anders"]
[Black "Ask, Josef"]
[Result "1/2-1/2"]
[WhiteElo "2346"]
[BlackElo "2191"]
[Annotator ""]

1.Nf3 Nf6 2.c4 c6 3.g3 g6 4.Bg2 Bg7 5.O-O O-O 6.d4 d5 7.Qb3 Qb6
8.Nc3 Qxb3 9.axb3 Nbd7 10.Bf4 Nb6 11.c5 Nbd7 12.b4 Ne4 13.b5
f5 14.bxc6 bxc6 15.Bc7 Bb7 16.e3 Rfc8 17.Ba5 Ba6 18.Rfc1 Rab8
19.Nxe4 fxe4 20.Bh3 Rb7 21.Bc3 Bd3 22.Ne1 Bb5 23.Ra3 Kf7 24.Rca1
Rcc7 25.Nc2 e6 26.Nb4 Nb8 27.Kg2 Be2 28.Re1 Bb5 29.Kg1 g5 30.Bg4
Nd7 31.h3 Ke7 32.Bd1 Nf6 33.g4 Kd7 34.Kg2 Bf8 35.h4 h6 36.Rh1
Bg7 37.Kg3 Rc8 38.hxg5 hxg5 39.f4 exf3 40.Bxf3 Kc7 41.Na6+ Kd7
42.Rha1 Ra8 43.Nb4 Bf8 44.Kg2 Be7 45.Rh1 Rg8 46.Rha1 Ra8 1/2-1/2

[Event "Mästar Elit"]
[Site "Kungsör"]
[Date "2009.06.30"]
[Round "3"]
[White "Landgren, Andreas"]
[Black "Azizi, Haroon"]
[Result "1/2-1/2"]
[WhiteElo "2184"]
[BlackElo "2162"]
[Annotator ""]

1.d4 d5 2.c4 Nc6 3.cxd5 Qxd5 4.e3 e5 5.Nc3 Bb4 6.Bd2 Bxc3 7.Bxc3
exd4 8.Ne2 Nge7 9.Nxd4 Nxd4 10.Qxd4 Qxd4 11.Bxd4 O-O 12.Bc4 Be6
13.Bxe6 fxe6 14.Rc1 Nc6 15.Bc3 Rad8 16.Ke2 a5 17.h4 Rd7 18.Rcd1
Rfd8 19.Rxd7 Rxd7 20.h5 Kf7 21.Rh4 Kf8 22.h6 g6 23.Bg7+ Kg8 24.Re4
Re7 25.a3 Re8 26.Kd3 Rd8+ 27.Kc4 Rd6 28.Rf4 Rd8 29.Rf6 Ne5+ 30.Kb5
Rd5+ 31.Ka4 Nd7 32.Rf3 Nb6+ 33.Kb3 Rb5+ 34.Ka2 Rf5 35.Rxf5 gxf5
36.Kb3 c6 37.Bc3 Nd7 38.Bxa5 Kf7 39.Bc3 e5 40.Bd2 b5 41.Kb4 Ke6
42.b3 Kd5 43.a4 Nc5 44.f3 Na6+ 45.Kc3 b4+ 46.Kd3 e4+ 47.fxe4+ 1/2-1/2

[Event "Mästar Elit"]
[Site "Kungsör"]
[Date "2009.06.30"]
[Round "3"]
[White "Lind, Jan-Olov"]
[Black "Frisk-Kockum, Anton"]
[Result "1/2-1/2"]
[WhiteElo "2231"]
[BlackElo "2255"]
[Annotator ""]

1.e4 e6 2.d3 d5 3.Nd2 c5 4.Ngf3 Nf6 5.g3 Be7 6.Bg2 Nc6 7.O-O
b6 8.Re1 Bb7 9.c3 Qc7 10.a3 h6 11.Rb1 Ba6 12.exd5 exd5 13.Nf1
O-O 14.b4 Bc8 15.b5 Na5 16.Bf4 Bd6 17.Bxd6 Qxd6 18.Ne5 a6 19.a4
axb5 20.axb5 Ra7 21.f4 Re7 22.Nd2 Rfe8 23.Ndf3 Bf5 24.Rb2 Nd7
25.Rbe2 Nxe5 26.Rxe5 Bg4 27.Rxe7 1/2-1/2

[Event "Mästar Elit"]
[Site "Kungsör"]
[Date "2009.06.30"]
[Round "3"]
[White "Nygren, David"]
[Black "Laksman, Efraim"]
[Result "0-1"]
[WhiteElo "2144"]
[BlackElo "2165"]
[Annotator ""]

1.e4 c5 2.c3 d5 3.exd5 Qxd5 4.d4 Nc6 5.Nf3 Bg4 6.Be2 cxd4 7.cxd4
e6 8.O-O Nf6 9.Nc3 Qa5 10.h3 Bh5 11.g4 Bg6 12.Ne5 Nd5 13.Qb3
Bb4 14.Nxd5 Qxd5 15.Bc4 Qa5 16.Nxc6 bxc6 17.a3 Bd6 18.Bxe6 Rb8
19.Qa2 O-O 20.Bc4 Qb6 21.Rd1 a5 22.b3 Be4 23.Re1 Bd5 24.Be3 Kh8
25.Qc2 Qd8 26.Bxd5 cxd5 27.Bd2 f5 28.Re6 fxg4 29.hxg4 Qh4 30.Rxd6
Qxf2+ 31.Kh1 Rf3 0-1

[Event "Mästar Elit"]
[Site "Kungsör"]
[Date "2009.06.30"]
[Round "3"]
[White "Persson, Andreas"]
[Black "Collett, Peter"]
[Result "0-1"]
[WhiteElo "2123"]
[BlackElo "2195"]
[Annotator ""]

1.e4 e5 2.Nf3 Nc6 3.d4 exd4 4.Nxd4 Nf6 5.Nxc6 bxc6 6.e5 Qe7 7.Qe2
Nd5 8.c4 Nb6 9.Nc3 a5 10.f4 Ba6 11.b3 Qe6 12.Qe4 Bb4 13.Bd2 g6
14.Bd3 O-O 15.O-O f5 16.Qf3 d5 17.exd6 Qxd6 18.Rf2 Qd4 19.Rc1
Rad8 20.Bf1 Bc5 21.Be1 Qe3 22.Qxe3 Bxe3 23.Rcc2 a4 24.Nxa4 Nxa4
25.bxa4 Rd1 26.Ba5 Rb8 27.g3 Bxc4 28.Kg2 Bd5+ 29.Kh3 Bxf2 30.Rxf2
Ra8 31.Bxc7 Rxa4 0-1

[Event "Mästar Elit"]
[Site "Kungsör"]
[Date "2009.06.30"]
[Round "3"]
[White "Vas, Peter"]
[Black "Lögdahl, Harald"]
[Result "1/2-1/2"]
[WhiteElo "2232"]
[BlackElo "2310"]
[Annotator ""]

1.e4 Nf6 2.e5 Nd5 3.d4 d6 4.c4 Nb6 5.f4 dxe5 6.fxe5 Nc6 7.Be3
Bf5 8.Nc3 e6 9.Be2 Be7 10.Nf3 O-O 11.O-O f6 12.exf6 Bxf6 13.Qd2
Qe7 14.Rad1 Rad8 15.b3 Nxd4 16.Nxd4 Bxd4 17.Bxd4 c5 18.Qe3 cxd4
19.Rxd4 Rxd4 20.Qxd4 Qg5 21.Bf3 Rd8 22.Qc5 Nd7 23.Qc7 Nf8 24.Kh1
Rd7 25.Qc8 Qe3 26.Ne2 Rd2 27.Ng1 b6 28.Bc6 Qc5 29.Qb7 Rxa2 30.Be8
h6 31.Qf7+ Kh7 32.Qb7 Qe5 33.Nf3 Qe2 34.Rg1 Be4 35.Bc6 Bxc6 36.Qxc6
Rb2 37.Qa8 Ng6 38.Qxa7 Nf4 39.Qf7 Nxg2 40.Qh5 Kg8 41.Qg4 Rxb3
42.Rxg2 Qd1+ 43.Ng1 Qxg4 44.Rxg4 Rb4 45.Rd4 Kf7 46.Nf3 Kf6 47.Kg2
g5 48.h4 Kf5 49.hxg5 hxg5 50.Kg3 Rb3 51.Rg4 Kf6 52.Kf2 Kf5 53.Kg3
Kf6 54.Kf2 Kf5 55.Kg3 1/2-1/2

[Event "Mästar Elit"]
[Site "Kungsör"]
[Date "2009.07.01"]
[Round "4"]
[White "Ask, Josef"]
[Black "Vas, Peter"]
[Result "1/2-1/2"]
[WhiteElo "2191"]
[BlackElo "2232"]
[Annotator ""]

1.f4 d5 2.Nf3 Nf6 3.d3 g6 4.g3 Bg7 5.Bg2 c5 6.O-O Nc6 7.c3 d4
8.e4 dxe3 9.Bxe3 Qd6 10.Na3 Bf5 11.Ne5 O-O 12.Nb5 Qd8 13.Bxc5
Nxe5 14.fxe5 Nd7 15.Bd4 Nxe5 16.Be4 Bxe4 17.dxe4 a6 18.Na3 b5
19.Qe2 Qc7 20.Nc2 Qc4 21.Qg2 e6 1/2-1/2

[Event "Mästar Elit"]
[Site "Kungsör"]
[Date "2009.07.01"]
[Round "4"]
[White "Azizi, Haroon"]
[Black "Eriksson, Anders"]
[Result "1/2-1/2"]
[WhiteElo "2162"]
[BlackElo "2346"]
[Annotator ""]

1.e4 c6 2.c4 d5 3.exd5 cxd5 4.cxd5 Nf6 5.Nc3 Nxd5 6.Bc4 Nb6 7.Bb5+
Bd7 8.Bxd7+ N8xd7 9.d4 Nf6 10.Nf3 e6 11.O-O Be7 12.Be3 Nbd5 13.Qa4+
Qd7 14.Qxd7+ Kxd7 15.Ne5+ Ke8 16.Rac1 Nxc3 17.Rxc3 Nd5 18.Rc2
f6 19.Nf3 Bd6 20.Rfc1 Kd7 21.a3 h5 22.Nd2 Rac8 23.Ne4 Rxc2 24.Rxc2
Rd8 25.h3 Ke7 26.Kf1 Nxe3+ 27.fxe3 Bb8 28.Ke2 e5 29.dxe5 Bxe5
30.Nd2 Rd7 31.Nf3 Rc7 32.Rxc7+ Bxc7 33.Kd3 Bb6 34.g4 hxg4 35.hxg4
g6 36.e4 Bf2 37.Kc4 Kd6 38.a4 a6 39.b3 Bg3 40.Kd4 Bf2+ 41.Kc4
Kc6 42.Kb4 b6 43.Kc4 b5+ 44.axb5+ axb5+ 45.Kc3 Kc5 46.b4+ Kd6 1/2-1/2

[Event "Mästar Elit"]
[Site "Kungsör"]
[Date "2009.07.01"]
[Round "4"]
[White "Collett, Peter"]
[Black "Bryntze, Stefan"]
[Result "0-1"]
[WhiteElo "2195"]
[BlackElo "2010"]
[Annotator ""]

1.d4 e6 2.c4 d5 3.Nf3 f5 4.g3 c6 5.Bg2 Bd6 6.O-O Nf6 7.b3 O-O
8.Ba3 b6 9.Bxd6 Qxd6 10.e3 Nbd7 11.Nbd2 Bb7 12.Qc2 Rac8 13.Qb2
Rc7 14.Ne5 c5 15.Ndf3 Rfc8 16.dxc5 Nxc5 17.Rfd1 Nce4 18.a4 Ba6
19.Bf1 Ng4 20.Nxg4 fxg4 21.Ne5 Rf8 22.Nxg4 h5 23.Bg2 hxg4 24.Bxe4
Rcf7 25.f4 gxf3 26.Kf2 Qb4 27.Bc2 Rf6 28.cxd5 Rh6 29.Rh1 Qd2+ 0-1

[Event "Mästar Elit"]
[Site "Kungsör"]
[Date "2009.07.01"]
[Round "4"]
[White "Janse, Love"]
[Black "Landgren, Andreas"]
[Result "1-0"]
[WhiteElo "2142"]
[BlackElo "2184"]
[Annotator ""]

1.e4 c5 2.Nc3 g6 3.f4 Nc6 4.Nf3 Bg7 5.Bb5 Nd4 6.O-O e6 7.a4 Ne7
8.e5 a6 9.Bc4 d5 10.exd6 Qxd6 11.d3 b6 12.Ne4 Qc6 13.Ne5 Qc7
14.c3 Ndc6 15.Qf3 O-O 16.Ng5 h6 17.Ngxf7 Rxf7 18.Nxf7 Kxf7 19.f5
gxf5 20.Qh5+ Kg8 21.Bxh6 Ne5 22.Rae1 Bd7 23.Qg5 N7g6 24.Rxe5
Qxe5 25.Qxg6 Rf8 26.Bxg7 Qxg7 27.Bxe6+ Bxe6 28.Qxe6+ Kh8 29.Rf3
Qf6 30.Qd7 Qf7 31.Qxf7 Rxf7 32.Rf4 Rd7 33.d4 cxd4 34.Rxd4 Re7
35.Kf2 Re6 36.Rd5 Rf6 37.Rd7 Rc6 38.Ke3 Re6+ 39.Kf3 Re4 40.Rd4
Re1 41.Rd6 Rf1+ 42.Ke2 Rg1 43.Kf2 Ra1 44.b3 Ra2+ 45.Kf3 Rc2 46.Rxb6
Rxc3+ 47.Kf4 Rc2 48.g3 Rxh2 49.Kxf5 Rf2+ 50.Kg6 Rf8 51.Rxa6 Rg8+
52.Kh6 Rb8 53.b4 Kg8 54.b5 Kf7 55.g4 Rg8 56.Ra7+ Kf6 57.g5+ Kf5
58.Rf7+ Ke6 59.Rf6+ Ke5 60.a5 Rh8+ 61.Kg7 Rh5 62.Kg6 Rh4 63.b6
Ra4 64.b7 Rxa5 65.b8Q+ Kd4 66.Qb4+ 1-0

[Event "Mästar Elit"]
[Site "Kungsör"]
[Date "2009.07.01"]
[Round "4"]
[White "Laksman, Efraim"]
[Black "Frisk-Kockum, Anton"]
[Result "1-0"]
[WhiteElo "2165"]
[BlackElo "2255"]
[Annotator ""]

1.c4 f5 2.Nc3 Nf6 3.d4 d6 4.Nf3 Nc6 5.g3 g6 6.Bg2 Bg7 7.O-O O-O
8.d5 Ne5 9.Nxe5 dxe5 10.Qb3 Kh8 11.Rd1 h6 12.e4 f4 13.gxf4 exf4
14.e5 Ng4 15.e6 f3 16.Bh3 Ne5 17.Ne4 b6 18.Be3 Ba6 19.Rac1 Qe8
20.Bd4 g5 21.Qc3 Qh5 22.Bf1 Bxc4 23.Bxe5 Bxf1 24.Bxg7+ Kg8 25.Kxf1
Qxh2 26.Ng3 Rf4 27.Bd4 Raf8 28.Qd3 Rxd4 29.Qg6+ Kh8 30.Rxd4 1-0

[Event "Mästar Elit"]
[Site "Kungsör"]
[Date "2009.07.01"]
[Round "4"]
[White "Lögdahl, Harald"]
[Black "Lind, Jan-Olov"]
[Result "0-1"]
[WhiteElo "2343"]
[BlackElo "2231"]
[Annotator ""]

1.e4 e5 2.Nc3 Bc5 3.g3 Nf6 4.Bg2 c6 5.Nf3 d5 6.Nxe5 dxe4 7.Qe2
Bd4 8.f4 exf3 9.Nxf3+ Be6 10.Ng5 O-O 11.Nxe6 fxe6 12.Ne4 Nxe4
13.Bxe4 Bf2+ 14.Kd1 Nd7 15.c3 Bb6 16.Bc2 Kh8 17.d4 e5 18.Qd3
Nf6 19.Bg5 Qd5 20.Re1 e4 21.Qd2 Rae8 22.Bf4 c5 23.dxc5 Qxc5 24.b4
Qh5+ 25.Kc1 Rd8 26.Qe2 Qf3 27.Kb2 Rc8 28.Qxf3 exf3 29.Re7 Nd5
30.Rxb7 Nxf4 31.gxf4 Rcd8 32.f5 f2 33.Rf1 Rfe8 34.Rxb6 axb6 35.Rxf2
Re3 36.f6 gxf6 37.Rxf6 Re2 38.Kb3 b5 39.Bf5 Rdd2 40.Be6 Kg7 41.Rf7+
Kg6 42.Rd7 Kf6 43.Rxd2 Rxd2 44.Bc8 Rxh2 45.Bd7 Rh5 46.c4 Ke7
47.Bc8 Kd8 48.Ba6 Rh3+ 49.Kc2 bxc4 50.Bxc4 h5 51.Kd2 h4 52.Be6
Rg3 0-1

[Event "Mästar Elit"]
[Site "Kungsör"]
[Date "2009.07.01"]
[Round "4"]
[White "Nygren, David"]
[Black "Persson, Andreas"]
[Result "1/2-1/2"]
[WhiteElo "2144"]
[BlackElo "2123"]
[Annotator ""]

1.e4 d6 2.d4 Nf6 3.Nc3 g6 4.Bf4 c6 5.Qd2 Qa5 6.h3 e5 7.Be3 Bg7
8.Nf3 Nbd7 9.Bd3 O-O 10.O-O Re8 11.Rfe1 Nf8 12.d5 Qc7 13.Bf1
cxd5 14.exd5 a6 15.Bh6 b5 16.a4 1/2-1/2

[Event "Mästar Elit"]
[Site "Kungsör"]
[Date "2009.07.02"]
[Round "5"]
[White "Bryntze, Stefan"]
[Black "Nygren, David"]
[Result "1/2-1/2"]
[WhiteElo "2010"]
[BlackElo "2144"]
[Annotator ""]

1.f4 g6 2.Nf3 d5 3.e3 Bg7 4.c4 c6 5.Qb3 Nf6 6.Nc3 O-O 7.d4 dxc4
8.Bxc4 Ne8 9.O-O Nd6 10.e4 Nxc4 11.Qxc4 Qb6 12.Kh1 Qa6 13.b3
Qxc4 14.bxc4 Be6 15.Ba3 Bxc4 16.Rfb1 Ba6 17.Bxe7 Re8 18.Bh4 Nd7
19.e5 Nb6 20.Ne4 Bd3 21.Nd6 Bxb1 22.Nxe8 Rxe8 23.Rxb1 1/2-1/2

[Event "Mästar Elit"]
[Site "Kungsör"]
[Date "2009.07.02"]
[Round "5"]
[White "Eriksson, Anders"]
[Black "Janse, Love"]
[Result "1-0"]
[WhiteElo "2346"]
[BlackElo "2142"]
[Annotator ""]

1.c4 f5 2.Nf3 Nf6 3.g3 g6 4.Bg2 Bg7 5.O-O O-O 6.Nc3 d6 7.d3 e5
8.e4 Nc6 9.exf5 gxf5 10.Re1 Ne7 11.c5 Ng6 12.cxd6 cxd6 13.d4
e4 14.Qb3+ d5 15.Ne5 b6 16.f4 Be6 17.Bd2 Nxe5 18.dxe5 Nd7 19.Nb5
Nc5 20.Qe3 Bd7 21.Nd4 Ne6 22.Bb4 Rf7 23.Bf1 Bf8 24.Bxf8 Qxf8
25.Red1 Rc8 26.Rd2 Qc5 27.Be2 Nxd4 28.Rxd4 Bb5 29.Rad1 Bxe2 30.Qxe2
Rd7 31.Qh5 Rf7 32.b4 Qc2 33.Rxd5 Rc6 34.R5d2 Qc4 35.Qg5+ Rg6
36.Qd8+ Rf8 37.Qd5+ Qxd5 38.Rxd5 Rc6 39.Kf2 Rc2+ 40.R5d2 Rfc8
41.Ke2 Kf7 42.Rxc2 Rxc2+ 43.Rd2 Rc7 44.Rd6 Rc2+ 45.Ke3 Rxa2 46.Rf6+
Ke7 47.Rxf5 Rxh2 48.Kxe4 Re2+ 49.Kf3 Rh2 50.Rf6 h6 51.b5 h5 52.Rh6
Rb2 53.Rxh5 Rxb5 54.Rh7+ Ke6 55.Rxa7 Rb1 56.Kg4 b5 57.Ra6+ 1-0